Normal view
MARC view
Entry Personal Name
001 - CONTROL NUMBER
- control field: 10821
003 - CONTROL NUMBER IDENTIFIER
- control field: BD-RjUL
005 - DATE AND TIME OF LATEST TRANSACTION
- control field: 20240115105345.0
008 - FIXED-LENGTH DATA ELEMENTS
- fixed length control field: 240115|| aca||aabn | a|a d
040 ## - CATALOGING SOURCE
- Original cataloging agency: BD-RjUL
- Transcribing agency: BD-RjUL
100 ## - HEADING--PERSONAL NAME
- Personal name: Farnol, Jeffery
670 ## - SOURCE DATA FOUND
- Source citation: Work cat.: (BD-RjUL)82608: Farnol, Jeffery, The broad highway :, [1910?]